=LDR 00000nam 2200000 4500 =001 INLIS000000000010224 =005 20130612101927 =008 ***********************************Ind** =035 ##$$0010-061300000010224 =041 ##$$a Ind =082 ##$$a 027 =090 ##$$a 027, Sun p =100 ##$$a Sumarji, P =245 ##$$a Perpustakaan, organisasi dan tatakerjanya, P. Sumardji =260 ##$$a 1988 $b Yogyakarta =300 ##$$a 69 hlm, ilus, 21 cm =650 ##$$a Perpustakaan =850 ##$$a NBPNMAT